[Event "BL2-Nord 0102"]
[Site "Germany"]
[Date "2002.02.24"]
[Round "6.3"]
[White "Voigt, Ulrich"]
[Black "Fries Nielsen, Jens Ove"]
[Result "1/2-1/2"]
[WhiteElo "2320"]
[BlackElo "2438"]
[PlyCount "99"]
[EventDate "2001.10.07"]
[EventType "team-tourn"]
[EventRounds "9"]
[EventCountry "GER"]
[SourceTitle "CBM 088 Extra"]
[Source "ChessBase"]
[SourceDate "2002.07.01"]
[SourceVersion "2"]
[SourceVersionDate "2002.07.01"]
[SourceQuality "1"]
[WhiteTeam "Leipzig Gohlis"]
[BlackTeam "Preetz"]
[WhiteTeamCountry "GER"]
[BlackTeamCountry "GER"]

1. e4 g6 2. d4 Bg7 3. Bc4 Nc6 4. c3 d6 5. f4 Nf6 6. Qe2 0-0 7. Nf3 Bg4 8. 0-0 e6 9. Nbd2 Nh5 10. Qe3 d5 11. Bd3 Bh6 12. g3 Ne7 13. Kg2 dxe4 14. Nxe4 Nd5 15. Qe1 Bf5 16. c4 Ndf6 17. b3 Qe7 18. Bb2 Bg7 19. Nf2 Bxd3 20. Nxd3 Rfd8 21. Qa5 Ne4 22. g4 Nhf6 23. Rae1 b6 24. Qa6 Nc5 25. Nxc5 bxc5 26. h3 cxd4 27. Bxd4 c5 28. Bf2 h5 29. Ne5 hxg4 30. hxg4 Qc7 31. Qc6 Qxc6+ 32. Nxc6 Rd2 33. Kf3 Bf8 34. a3 Rd6 35. Ne5 Ra6 36. Ra1 Rd8 37. b4 Nd7 38. b5 Nxe5+ 39. fxe5 Ra4 40. Rfd1 Rxd1 41. Rxd1 Rxa3+ 42. Ke2 Ra2+ 43. Kf3 Ra3+ 44. Ke2 Ra2+ 45. Kf1 Be7 46. Rd7 Kf8 47. Rc7 Ra1+ 48. Kg2 Ra2 49. Kf3 Ra3+ 50. Ke2 1/2-1/2

[Event "BL2-Nord 0001"]
[Site "Germany"]
[Date "2001.01.28"]
[Round "5.2"]
[White "Voigt, Ulrich"]
[Black "Beckemeier, Werner"]
[Result "1/2-1/2"]
[WhiteElo "2313"]
[BlackElo "2393"]
[PlyCount "50"]
[EventDate "2000.10.15"]
[EventType "team-tourn"]
[EventRounds "9"]
[EventCountry "GER"]
[SourceTitle "CBM 082 Extra"]
[Source "ChessBase"]
[SourceDate "2001.07.03"]
[SourceVersion "1"]
[SourceVersionDate "2001.07.03"]
[SourceQuality "1"]
[WhiteTeam "Leipzig Gohlis"]
[BlackTeam "Delmenhorst"]
[WhiteTeamCountry "GER"]
[BlackTeamCountry "GER"]

1. e4 e5 2. Nf3 Nc6 3. d4 exd4 4. Nxd4 Nge7 5. Be3 Nxd4 6. Bxd4 Nc6 7. Be3 Bb4+ 8. c3 Ba5 9. Bc4 d6 10. 0-0 Bb6 11. Qe2 0-0 12. Nd2 Be6 13. Rad1 Qe7 14. Rfe1 Rae8 15. a4 Bxc4 16. Qxc4 Ne5 17. Qe2 Qd7 18. b3 Ng6 19. Qc4 Kh8 20. Nf3 Qg4 21. Bxb6 Nf4 22. Qf1 axb6 23. Nd4 Re5 24. f3 Qd7 25. g3 Ng6 1/2-1/2

[Event "BL2-Nord 9900"]
[Site "Germany"]
[Date "2000.04.09"]
[Round "9.6"]
[White "Kimpinsky, Frank"]
[Black "Voigt, Ulrich"]
[Result "0-1"]
[WhiteElo "2250"]
[BlackElo "2280"]
[PlyCount "52"]
[EventDate "1999.10.10"]
[EventType "team-tourn"]
[EventRounds "9"]
[EventCountry "GER"]
[SourceTitle "CBM 075 Extra"]
[Source "ChessBase"]
[SourceDate "2000.05.11"]
[SourceVersion "2"]
[SourceVersionDate "2000.05.11"]
[SourceQuality "1"]
[WhiteTeam "Berlin Empor"]
[BlackTeam "Leipzig Gohlis"]
[WhiteTeamCountry "GER"]
[BlackTeamCountry "GER"]

1. e4 e6 2. d4 d5 3. e5 c5 4. c3 Nc6 5. Nf3 Bd7 6. Be2 Nge7 7. 0-0 cxd4 8. cxd4 Nf5 9. Nc3 Rc8 10. a3 a6 11. Qd3 f6 12. g4 Nh6 13. Bxh6 gxh6 14. exf6 Qxf6 15. Kh1 Bg7 16. Rg1 Nxd4 17. g5 hxg5 18. Nxg5 Nxe2 19. Qxe2 0-0 20. Rg3 Qxf2 21. Qh5 Qf5 22. Rf3 Qg6 23. Qh4 d4 24. Nce4 Bc6 25. Rxf8+ Rxf8 26. Re1 d3 0-1

[Event "BL2-Nord 9900"]
[Site "Germany"]
[Date "1999.12.12"]
[Round "3.6"]
[White "Hoerstmann, Rudi"]
[Black "Voigt, Ulrich"]
[Result "1/2-1/2"]
[WhiteElo "2240"]
[BlackElo "2280"]
[PlyCount "89"]
[EventDate "1999.10.10"]
[EventType "team-tourn"]
[EventRounds "9"]
[EventCountry "GER"]
[SourceTitle "CBM 074 Extra"]
[Source "ChessBase"]
[SourceDate "2000.03.10"]
[SourceVersion "2"]
[SourceVersionDate "2000.03.10"]
[SourceQuality "1"]
[WhiteTeam "Isernhagen"]
[BlackTeam "Leipzig Gohlis"]
[WhiteTeamCountry "GER"]
[BlackTeamCountry "GER"]

1. d4 Nf6 2. c4 g6 3. Nc3 d5 4. cxd5 Nxd5 5. Bd2 Bg7 6. e4 Nxc3 7. Bxc3 c5 8. d5 Bxc3+ 9. bxc3 Qa5 10. Qd2 Nd7 11. Nf3 e5 12. dxe6 fxe6 13. Rc1 Qa4 14. Bd3 b6 15. 0-0 0-0 16. Qh6 Nf6 17. Ng5 Qd7 18. Bc4 Qe7 19. f4 a6 20. a4 Rb8 21. Rb1 Bd7 22. Rbd1 Bxa4 23. Bxe6+ Kh8 24. Ra1 Bc6 25. e5 Ne4 26. Nxe4 Bxe4 27. Bb3 c4 28. Bd1 a5 29. Bf3 Bxf3 30. Rxf3 Rbd8 31. Re1 a4 32. g4 Rd3 33. Rf2 a3 34. f5 gxf5 35. gxf5 Rg8+ 36. Kf1 Rxc3 37. f6 Qb7 38. f7 Qh1+ 39. Ke2 Qe4+ 40. Kf1 Qh1+ 41. Ke2 Qe4+ 42. Kf1 Qd3+ 43. Rfe2 Qf5+ 44. Rf2 Qd3+ 45. Rfe2 1/2-1/2

[Event "Leipzig VfB op 06th"]
[Site "Leipzig"]
[Date "1999.??.??"]
[Round "6"]
[White "Voigt, Ulrich"]
[Black "Just, Gabriele"]
[Result "1-0"]
[WhiteElo "2285"]
[BlackElo "2030"]
[PlyCount "53"]
[EventDate "1999.03.??"]
[EventType "swiss"]
[EventRounds "9"]
[EventCountry "GER"]
[SourceTitle "EXT 2008"]
[Source "ChessBase"]
[SourceDate "2007.11.25"]
[SourceVersion "1"]
[SourceVersionDate "2007.11.25"]
[SourceQuality "1"]

1. e4 e6 2. d4 d5 3. e5 c5 4. c3 Bd7 5. Nf3 Qb6 6. a3 cxd4 7. Nxd4 Bc5 8. b4 Bxd4 9. cxd4 Bb5 10. Bxb5+ Qxb5 11. Nc3 Qd7 12. Qg4 Ne7 13. Qxg7 Rg8 14. Qxh7 Rxg2 15. b5 Qc7 16. Bd2 Qc4 17. Ne2 Nd7 18. Rc1 Qxb5 19. Bb4 Nf8 20. Qh4 Nf5 21. Qh8 Kd7 22. Qf6 Rg7 23. Rg1 Nh7 24. Qxg7 Nxg7 25. Rxg7 Rh8 26. Rxf7+ Kd8 27. Rfc7 1-0

[Event "Oberliga Ost-A 9899"]
[Site "Germany"]
[Date "1999.??.??"]
[Round "?"]
[White "Voigt, Ulrich"]
[Black "Ludwig, Kristin"]
[Result "1-0"]
[WhiteElo "2280"]
[BlackElo "2045"]
[PlyCount "83"]
[EventDate "1998.10.??"]
[EventType "team"]
[EventRounds "11"]
[EventCountry "GER"]
[SourceTitle "EXT 2000"]
[Source "ChessBase"]
[SourceDate "1999.11.16"]
[SourceVersion "1"]
[SourceVersionDate "1999.11.16"]
[SourceQuality "1"]

1. e4 e6 2. d4 d5 3. e5 c5 4. c3 Nc6 5. Nf3 Qb6 6. a3 c4 7. Nbd2 Na5 8. Rb1 Bd7 9. Be2 Ne7 10. 0-0 h6 11. Qe1 Ba4 12. Bd1 Qb5 13. Qe2 Nc8 14. Ne1 Nb6 15. f4 g6 16. g4 0-0-0 17. f5 gxf5 18. gxf5 Qc6 19. Bxa4 Nxa4 20. Qf3 Be7 21. f6 Rdg8+ 22. Kh1 Bf8 23. Qh5 Qd7 24. Ndf3 Nc6 25. Be3 Nd8 26. Ng2 Qb5 27. Nd2 Qa5 28. Qd1 Kb8 29. Qc2 Qa6 30. Bf4 h5 31. Ne3 Bh6 32. Bxh6 Rxh6 33. Rg1 Rhg6 34. Rxg6 Rxg6 35. Rg1 Rxg1+ 36. Kxg1 Qb5 37. Nd1 a6 38. Kf2 Qe8 39. Nf3 Qb5 40. Kg3 Qe8 41. Kh4 Qg8 42. Ng5 1-0

[Event "Leipzig VfB op 06th"]
[Site "Leipzig"]
[Date "1999.??.??"]
[Round "3"]
[White "Zschiedrich, Heiko"]
[Black "Voigt, Ulrich"]
[Result "1-0"]
[WhiteElo "2139"]
[BlackElo "2285"]
[PlyCount "103"]
[EventDate "1999.03.??"]
[EventType "swiss"]
[EventRounds "9"]
[EventCountry "GER"]
[SourceTitle "EXT 2008"]
[Source "ChessBase"]
[SourceDate "2007.11.25"]
[SourceVersion "1"]
[SourceVersionDate "2007.11.25"]
[SourceQuality "1"]

1. e4 c5 2. c3 d5 3. exd5 Qxd5 4. d4 Nf6 5. Nf3 Bg4 6. Be2 Nc6 7. 0-0 e6 8. h3 Bh5 9. Be3 cxd4 10. cxd4 Be7 11. Nc3 Qd6 12. Qb3 0-0 13. Rfd1 Rfd8 14. Rac1 Qb4 15. Qxb4 Nxb4 16. Bg5 Rac8 17. g4 Bg6 18. Ne5 Bc2 19. Rd2 Be4 20. Rdd1 Bc2 21. Rd2 Be4 22. Rdd1 Bd5 23. a3 Na2 24. Nxd5 Nxd5 25. Rxc8 Rxc8 26. Bxe7 Nxe7 27. Bc4 Nc1 28. a4 Rxc4 29. Nxc4 Na2 30. Nd6 b6 31. Ra1 Nb4 32. a5 bxa5 33. Rxa5 a6 34. Ra4 Nec6 35. Ne4 a5 36. Nd6 Nd3 37. b3 Nc1 38. Rc4 Ne2+ 39. Kf1 Nexd4 40. Nb5 Nxb5 41. Rxc6 Kf8 42. Rb6 Nd4 43. Ke1 Ke7 44. Kd2 f5 45. Kd3 Nf3 46. gxf5 exf5 47. Rb5 Kf6 48. Rxa5 h5 49. b4 g5 50. b5 Ne5+ 51. Kd4 f4 52. Ke4 1-0

[Event "Schwarzach op-A"]
[Site "Schwarzach"]
[Date "1998.08.30"]
[Round "9"]
[White "Voigt, Ulrich"]
[Black "Hengl, Christian"]
[Result "1-0"]
[WhiteElo "2280"]
[BlackElo "2180"]
[PlyCount "80"]
[EventDate "1998.08.30"]
[EventType "swiss"]
[EventRounds "9"]
[EventCountry "AUT"]
[SourceTitle "EXT 2000"]
[Source "ChessBase"]
[SourceDate "1999.11.16"]
[SourceVersion "1"]
[SourceVersionDate "1999.11.16"]
[SourceQuality "1"]

1. Nf3 e6 2. g3 f5 3. Bg2 Nf6 4. 0-0 d5 5. d3 Be7 6. Nbd2 0-0 7. c3 c5 8. e4 Nc6 9. Qc2 Bd7 10. Re1 f4 11. Nf1 dxe4 12. dxe4 Nh5 13. e5 g5 14. g4 Ng7 15. b3 Qc7 16. Ba3 Be8 17. Rad1 Bg6 18. Qc1 Rad8 19. N1d2 Rd5 20. Nc4 b5 21. Nd6 Nxe5 22. Rxd5 exd5 23. Nxb5 Nxf3+ 24. Bxf3 Qd7 25. Qd1 Bf7 26. c4 Kh8 27. Bxd5 Bxd5 28. Re5 f3 29. h3 Rf4 30. Qxd5 Rxg4+ 31. hxg4 Qxg4+ 32. Kf1 Qg2+ 33. Ke1 Qg1+ 34. Kd2 Qxf2+ 35. Kd1 Nf5 36. Rxf5 Qe2+ 37. Kc1 Qe1+ 38. Qd1 Qe3+ 39. Qd2 Qxd2+ 40. Kxd2 g4 1-0

[Event "Schwarzach op-A"]
[Site "Schwarzach"]
[Date "1998.08.25"]
[Round "4"]
[White "Kjeld, Matthias"]
[Black "Voigt, Ulrich"]
[Result "0-1"]
[WhiteElo "2110"]
[BlackElo "2280"]
[PlyCount "80"]
[EventDate "1998.08.30"]
[EventType "swiss"]
[EventRounds "9"]
[EventCountry "AUT"]
[SourceTitle "EXT 2000"]
[Source "ChessBase"]
[SourceDate "1999.11.16"]
[SourceVersion "1"]
[SourceVersionDate "1999.11.16"]
[SourceQuality "1"]

1. d4 Nf6 2. c4 e6 3. Nf3 b6 4. a3 Bb7 5. Nc3 d5 6. Bg5 Be7 7. e3 Nbd7 8. Bd3 0-0 9. cxd5 Nxd5 10. Bxe7 Nxc3 11. Bxh7+ Kh8 12. bxc3 Qxe7 13. Bd3 Kg8 14. 0-0 e5 15. e4 Rad8 16. Qe2 Rfe8 17. Rfe1 exd4 18. cxd4 c5 19. d5 Ne5 20. Nd2 Qg5 21. Bb5 Rf8 22. Rf1 Ng6 23. Nf3 Qh5 24. Qe3 Ne5 25. Nd2 f5 26. Be2 Qe8 27. f3 f4 28. Qb3 Rd6 29. Nc4 Nxc4 30. Bxc4 Qh5 31. Qc3 Re8 32. Qd2 Rf8 33. Rfe1 Qe5 34. Rab1 Bc8 35. Qb2 Qh5 36. e5 Rh6 37. h3 Bxh3 38. gxh3 Rg6+ 39. Kh2 Rf5 40. Rg1 Qxh3+ 0-1

[Event "Leipzig VfB op 05th"]
[Site "Leipzig"]
[Date "1998.??.??"]
[Round "5"]
[White "Goemann, Jens"]
[Black "Voigt, Ulrich"]
[Result "0-1"]
[WhiteElo "2155"]
[BlackElo "2275"]
[PlyCount "86"]
[EventDate "1998.03.??"]
[EventType "swiss"]
[EventRounds "9"]
[EventCountry "GER"]
[SourceTitle "EXT 1999"]
[Source "ChessBase"]
[SourceDate "1998.11.16"]
[SourceVersion "1"]
[SourceVersionDate "1998.11.16"]
[SourceQuality "1"]

1. c4 Nf6 2. g3 c6 3. Nf3 g6 4. b3 Bg7 5. Bb2 0-0 6. Bg2 d6 7. d4 Nbd7 8. 0-0 Qc7 9. Qc2 e5 10. e4 exd4 11. Nxd4 Re8 12. Nc3 a5 13. Rad1 Nc5 14. h3 Bd7 15. Rfe1 Re7 16. Ba3 Rae8 17. Re2 Nh5 18. Qd2 b6 19. Rde1 h6 20. Kh2 Kh7 21. Bb2 Nf6 22. Ba1 h5 23. Nf3 Kg8 24. Qf4 Nd3 25. Qh4 Nxe1 26. Rxe1 Nh7 27. Rd1 Bc8 28. Qf4 Rd8 29. Kg1 Nf8 30. g4 hxg4 31. hxg4 Ne6 32. Qg3 Bb7 33. Qh4 Red7 34. Re1 Re8 35. Rd1 Qd8 36. Qh2 Qe7 37. Qg3 Bf6 38. Re1 Qd8 39. e5 dxe5 40. Nxe5 Nd4 41. Re3 Rxe5 42. Rxe5 Bxe5 43. Qxe5 Re7 0-1

[Event "Oberliga Ost A 9798"]
[Site "Germany"]
[Date "1998.??.??"]
[Round "?.1"]
[White "Voigt, Ulrich"]
[Black "Jahnel, Guenther"]
[Result "1/2-1/2"]
[WhiteElo "2235"]
[BlackElo "2240"]
[PlyCount "93"]
[EventDate "1997.09.??"]
[EventType "team"]
[EventRounds "11"]
[EventCountry "GER"]
[SourceTitle "EXT 1999"]
[Source "ChessBase"]
[SourceDate "1998.11.16"]
[SourceVersion "1"]
[SourceVersionDate "1998.11.16"]
[SourceQuality "1"]

1. e4 e5 2. Nf3 d6 3. d4 Nf6 4. Nc3 Nbd7 5. Bc4 Be7 6. 0-0 0-0 7. Qe2 c6 8. a4 Qc7 9. Bg5 b6 10. Rad1 a6 11. d5 c5 12. Nh4 Re8 13. h3 h6 14. Bc1 Nh7 15. Nf5 Bg5 16. Kh2 Ndf8 17. g3 Ng6 18. Qd3 Bxc1 19. Rxc1 Qd8 20. Rg1 Nf6 21. Qf1 Kh7 22. Ne3 Ra7 23. Bd3 Qd7 24. Qg2 Rg8 25. Rcf1 Qd8 26. f4 Kh8 27. f5 Nf8 28. g4 N8h7 29. Qf2 Ne8 30. Nb1 g5 31. Nd2 Nf8 32. Nf3 f6 33. Qe2 Rgg7 34. Kg3 Rh7 35. Rh1 Qd7 36. b3 Ng7 37. h4 Qf7 38. Rh2 Kg8 39. Rfh1 Ne8 40. Nc4 Rb7 41. Rh3 Qe7 42. hxg5 hxg5 43. Rxh7 Nxh7 44. Rh6 Qd8 45. Ne3 Ra7 46. Qh2 Rg7 47. Qd2 1/2-1/2

[Event "Leipzig VfB op 05th"]
[Site "Leipzig"]
[Date "1998.??.??"]
[Round "7"]
[White "Voigt, Ulrich"]
[Black "Just, Gabriele"]
[Result "1/2-1/2"]
[WhiteElo "2275"]
[BlackElo "2025"]
[PlyCount "54"]
[EventDate "1998.03.??"]
[EventType "swiss"]
[EventRounds "9"]
[EventCountry "GER"]
[SourceTitle "EXT 1999"]
[Source "ChessBase"]
[SourceDate "1998.11.16"]
[SourceVersion "1"]
[SourceVersionDate "1998.11.16"]
[SourceQuality "1"]

1. d4 e6 2. Nf3 f5 3. g3 Nf6 4. Bg2 d6 5. c4 Be7 6. Nc3 0-0 7. 0-0 a5 8. Qc2 Nc6 9. e4 Nb4 10. Qe2 fxe4 11. Nxe4 Nxe4 12. Qxe4 e5 13. g4 exd4 14. Nxd4 Re8 15. Re1 Bd7 16. Ne6 Bxe6 17. Qxe6+ Kh8 18. Qf5 g6 19. Qf7 Bf8 20. Bd2 Bg7 21. Bxb7 Rf8 22. Qe7 Nc2 23. Bxa8 Qxa8 24. Rac1 Nxe1 25. Rxe1 Qf3 26. Qe2 Qh3 27. Rf1 Rf3 1/2-1/2

[Event "Oberliga Ost A 9798"]
[Site "Germany"]
[Date "1998.??.??"]
[Round "?.3"]
[White "Voigt, Ulrich"]
[Black "Schuster, Martin"]
[Result "1-0"]
[WhiteElo "2235"]
[BlackElo "2170"]
[PlyCount "57"]
[EventDate "1997.09.??"]
[EventType "team"]
[EventRounds "11"]
[EventCountry "GER"]
[SourceTitle "EXT 1999"]
[Source "ChessBase"]
[SourceDate "1998.11.16"]
[SourceVersion "1"]
[SourceVersionDate "1998.11.16"]
[SourceQuality "1"]

1. e4 c6 2. d4 d5 3. exd5 cxd5 4. c4 Nf6 5. Nc3 e6 6. Nf3 Be7 7. c5 0-0 8. b4 b6 9. Bf4 Ne4 10. Qc2 a5 11. Nxe4 dxe4 12. Qxe4 Qd5 13. Bd3 f5 14. Qxd5 exd5 15. Bxb8 Rxb8 16. a3 Bf6 17. c6 axb4 18. axb4 b5 19. Ne5 Rb6 20. Kd2 Bxe5 21. dxe5 Rxc6 22. f4 Rb6 23. Ke3 Bb7 24. Kd4 Rc8 25. Rhc1 Rxc1 26. Rxc1 g6 27. Rc7 Ba6 28. Bc2 Rb8 29. Bb3 1-0

[Event "Franfurt CC Ordix"]
[Site "Frankfurt"]
[Date "1997.??.??"]
[Round "7"]
[White "Eilers, Stefan"]
[Black "Voigt, Ulrich"]
[Result "1-0"]
[WhiteElo "2320"]
[BlackElo "2210"]
[PlyCount "55"]
[EventDate "1997.??.??"]
[EventType "swiss (rapid)"]
[EventRounds "11"]
[EventCountry "GER"]
[SourceTitle "EXT 1998"]
[Source "ChessBase"]
[SourceDate "1997.11.17"]
[SourceVersion "1"]
[SourceVersionDate "1997.11.17"]
[SourceQuality "1"]

1. Nf3 Nf6 2. g3 g6 3. b3 Bg7 4. Bb2 d6 5. d4 0-0 6. Bg2 c5 7. c4 Bd7 8. 0-0 cxd4 9. Nxd4 Nc6 10. Nc2 Qa5 11. Nc3 a6 12. Rc1 Qh5 13. e3 Bg4 14. f3 Bh3 15. Qe2 Bxg2 16. Kxg2 b5 17. Ne1 Rfc8 18. cxb5 axb5 19. Nd3 e5 20. Nf2 e4 21. Ncxe4 Rxa2 22. Rc2 Nd5 23. Nd1 Bxb2 24. Rxb2 Rxb2 25. Qxb2 Qe5 26. Qd2 Ncb4 27. Qd4 Nc2 28. Qxd5 1-0

[Event "BL2-Ost 9697"]
[Site "Germany"]
[Date "1997.??.??"]
[Round "?.5"]
[White "Niedermaier, Hans"]
[Black "Voigt, Ulrich"]
[Result "0-1"]
[WhiteElo "2250"]
[BlackElo "2210"]
[PlyCount "98"]
[EventDate "1996.10.??"]
[EventType "team-tourn"]
[EventRounds "9"]
[EventCountry "GER"]
[SourceTitle "GER-chT2"]
[Source "ChessBase"]
[SourceDate "1999.07.01"]
[SourceVersion "1"]
[SourceVersionDate "1999.07.01"]
[SourceQuality "1"]
[WhiteTeam "Forchheim"]
[BlackTeam "Leipzig Gohlis"]
[WhiteTeamCountry "GER"]
[BlackTeamCountry "GER"]

1. e4 e6 2. Nc3 d5 3. g3 Nf6 4. Bg2 Be7 5. d4 0-0 6. Nge2 b6 7. 0-0 Bb7 8. exd5 Nxd5 9. Ne4 Nc6 10. c4 Nf6 11. Be3 Qd7 12. a3 Na5 13. Nxf6+ Bxf6 14. Bxb7 Nxb7 15. Qc2 Nd6 16. Rad1 Qc6 17. Rc1 Rfd8 18. Bf4 Qf3 19. Bxd6 Rxd6 20. Rfd1 Rad8 21. Rd3 Qf5 22. Rcd1 h5 23. Qa4 a5 24. Qb3 h4 25. R3d2 h3 26. Qe3 c5 27. Qd3 Qxd3 28. Rxd3 Bxd4 29. Kf1 e5 30. f4 e4 31. R3d2 f5 32. Ng1 Rh6 33. Ne2 Rhd6 34. Ng1 a4 35. Nxh3 Kf7 36. Ke2 Ke7 37. Rh1 Bf6 38. Rxd6 Rxd6 39. Rb1 Rd3 40. Nf2 Rb3 41. Nd1 Bd4 42. Kd2 Kf6 43. Ke2 Kg6 44. Kd2 Kh5 45. Ke2 g5 46. fxg5 Kxg5 47. Ke1 Kg4 48. Nf2+ Kf3 49. Nd1 e3 0-1

[Event "Sachsen-ch"]
[Site "Gruenheide"]
[Date "1997.??.??"]
[Round "?"]
[White "Schaller, Sven"]
[Black "Voigt, Ulrich"]
[Result "1-0"]
[WhiteElo "2280"]
[BlackElo "2210"]
[PlyCount "49"]
[EventDate "1997.??.??"]
[EventType "swiss"]
[EventRounds "9"]
[EventCountry "GER"]
[SourceTitle "EXT 1998"]
[Source "ChessBase"]
[SourceDate "1997.11.17"]
[SourceVersion "1"]
[SourceVersionDate "1997.11.17"]
[SourceQuality "1"]

1. c4 Nf6 2. Nf3 g6 3. Nc3 d5 4. Qa4+ Bd7 5. Qb3 dxc4 6. Qxc4 Nc6 7. Ng5 e6 8. d4 Bg7 9. e4 Qe7 10. Bf4 0-0 11. Be2 Rac8 12. Nf3 b5 13. Qd3 Nb4 14. Qd2 c5 15. dxc5 e5 16. Bxe5 Nxe4 17. Nxe4 Bxe5 18. Qxb4 Bc6 19. Nxe5 Qxe5 20. f3 Bxe4 21. fxe4 a5 22. Qxb5 Rb8 23. Qd3 Qxc5 24. Qc3 Qa7 25. Bc4 1-0

[Event "Wiesbaden op 16th"]
[Site "Wiesbaden"]
[Date "1997.??.??"]
[Round "7"]
[White "Treffert, Peter"]
[Black "Voigt, Ulrich"]
[Result "1/2-1/2"]
[WhiteElo "2335"]
[BlackElo "2235"]
[PlyCount "164"]
[EventDate "1997.08.??"]
[EventType "swiss"]
[EventRounds "9"]
[EventCountry "GER"]
[SourceTitle "EXT 2002"]
[Source "ChessBase"]
[SourceDate "2001.11.25"]
[SourceVersion "1"]
[SourceVersionDate "2001.11.25"]
[SourceQuality "1"]

1. e4 e6 2. d4 d5 3. exd5 exd5 4. c4 c6 5. Nc3 Nf6 6. Nf3 Be7 7. cxd5 cxd5 8. Bb5+ Bd7 9. Bxd7+ Nbxd7 10. Qb3 Nb6 11. a4 0-0 12. 0-0 Qd6 13. Bg5 Ne4 14. Bxe7 Qxe7 15. a5 Nxc3 16. axb6 Ne2+ 17. Kh1 axb6 18. Rxa8 Rxa8 19. Qxd5 g6 20. Qb5 Nf4 21. Re1 Qf6 22. Re8+ Rxe8 23. Qxe8+ Kg7 24. Qe4 Qd6 25. g3 Nd5 26. Kg2 Qc6 27. h4 Nf6 28. Qe5 h5 29. b4 Qd5 30. b5 Qe4 31. Qc7 Nd5 32. Qd6 Nc3 33. Qxb6 Qd5 34. Qc5 Qxc5 35. dxc5 Nxb5 36. Ne5 Kf6 37. Nc4 Nd4 38. Na5 Ne6 39. Nxb7 Ke5 40. c6 Kd5 41. Nd8 f6 42. f3 Nc7 43. g4 hxg4 44. fxg4 f5 45. gxf5 gxf5 46. Kf3 Ke5 47. Nb7 Ne6 48. Nd8 Nd4+ 49. Kf2 Nb5 50. Kg3 Nc7 51. h5 Kf6 52. Kh4 f4 53. Kg4 f3 54. Kxf3 Kg5 55. Ke4 Kxh5 56. Ke5 Kg6 57. Kd6 Nb5+ 58. Kd7 Kf6 59. Ne6 Ke5 60. Nc5 Kd4 61. Na4 Kc4 62. Nb6+ Kc5 63. Na8 Kd5 64. Nb6+ Kc5 65. Na4+ Kd5 66. Nb2 Kd4 67. Nd1 Ke4 68. Nf2+ Kd4 69. Nh3 Ke5 70. Ng5 Kd4 71. Nf7 Kd5 72. Nd8 Kd4 73. Ne6+ Ke5 74. Nf8 Kf6 75. Ke8 Nd6+ 76. Kd8 Nb5 77. Kd7 Kf5 78. Ke7 Ke5 79. Nd7+ Kd5 80. Nb8 Kc5 81. Kd7 Kb6 82. Kd8 Nd4 1/2-1/2

[Event "Sachsen-ch"]
[Site "Gruenheide"]
[Date "1997.??.??"]
[Round "?"]
[White "Voigt, Ulrich"]
[Black "Goetz, Andreas1111"]
[Result "1-0"]
[WhiteElo "2210"]
[BlackElo "2195"]
[PlyCount "41"]
[EventDate "1997.??.??"]
[EventType "swiss"]
[EventRounds "9"]
[EventCountry "GER"]
[SourceTitle "EXT 1998"]
[Source "ChessBase"]
[SourceDate "1997.11.17"]
[SourceVersion "1"]
[SourceVersionDate "1997.11.17"]
[SourceQuality "1"]

1. e4 Nf6 2. e5 Nd5 3. d4 d6 4. Nf3 g6 5. exd6 cxd6 6. c4 Nb6 7. h3 Bg7 8. Nc3 0-0 9. Be3 Nc6 10. Be2 Bf5 11. 0-0 d5 12. c5 Nc4 13. Bc1 Nb4 14. b3 Bc2 15. Qe1 Na5 16. Qd2 Be4 17. Nxe4 dxe4 18. Qxb4 Nc6 19. Qxb7 exf3 20. Bxf3 Qxd4 21. Be3 1-0

[Event "Leipzig VfB op 04th"]
[Site "Leipzig"]
[Date "1997.??.??"]
[Round "8"]
[White "Voigt, Ulrich"]
[Black "Mach, Holger"]
[Result "1/2-1/2"]
[WhiteElo "2210"]
[BlackElo "2280"]
[PlyCount "44"]
[EventDate "1997.03.04"]
[EventType "swiss"]
[EventRounds "9"]
[EventCountry "GER"]
[SourceTitle "EXT 1998"]
[Source "ChessBase"]
[SourceDate "1997.11.17"]
[SourceVersion "1"]
[SourceVersionDate "1997.11.17"]
[SourceQuality "1"]

1. e4 c5 2. c3 Nf6 3. e5 Nd5 4. d4 cxd4 5. cxd4 d6 6. Nf3 Nc6 7. exd6 Qxd6 8. Nc3 g6 9. Qb3 Nxc3 10. bxc3 Bg7 11. Be2 0-0 12. 0-0 Qc7 13. Be3 Na5 14. Qb4 Bg4 15. Rab1 Rac8 16. c4 Nc6 17. Qxb7 Bxf3 18. Bxf3 Nxd4 19. Bg4 Qxb7 20. Rxb7 Rxc4 21. Rxe7 Ra4 22. Rd7 Nc2 1/2-1/2

[Event "BL2-Ost 9697"]
[Site "Germany"]
[Date "1997.??.??"]
[Round "?.7"]
[White "Weitzer, Steffen"]
[Black "Voigt, Ulrich"]
[Result "0-1"]
[WhiteElo "2230"]
[BlackElo "2210"]
[PlyCount "84"]
[EventDate "1996.10.??"]
[EventType "team-tourn"]
[EventRounds "9"]
[EventCountry "GER"]
[SourceTitle "GER-chT2"]
[Source "ChessBase"]
[SourceDate "1999.07.01"]
[SourceVersion "1"]
[SourceVersionDate "1999.07.01"]
[SourceQuality "1"]
[WhiteTeam "Leipzig ESV"]
[BlackTeam "Leipzig Gohlis"]
[WhiteTeamCountry "GER"]
[BlackTeamCountry "GER"]

1. d4 Nf6 2. Nf3 g6 3. Nc3 d5 4. Bg5 Bg7 5. Bxf6 Bxf6 6. e4 dxe4 7. Nxe4 Bg7 8. Bc4 0-0 9. Qe2 Bg4 10. Rd1 Nd7 11. 0-0 c5 12. Neg5 e6 13. Qe4 Bf5 14. Qe3 h6 15. Ne4 Nb6 16. dxc5 Nxc4 17. Qe2 Qa5 18. Qxc4 Bxe4 19. Qxe4 Bxb2 20. Qxb7 Rab8 21. Qe7 Rbc8 22. Rd7 Qxc5 23. Qxc5 Rxc5 24. Rxa7 Rxc2 25. Rd1 Rfc8 26. g3 R8c7 27. Rd8+ Kg7 28. Rxc7 Rxc7 29. Ra8 Rc2 30. Kg2 e5 31. a4 e4 32. Ne1 Rd2 33. Kf1 Bd4 34. Kg2 Bxf2 35. Kf1 Bxe1 36. Kxe1 Rxh2 37. a5 Ra2 38. a6 h5 39. Kd1 e3 40. a7 e2+ 41. Ke1 Kf6 42. Kf2 Kg5 0-1

[Event "Berliner Sommer 14th"]
[Site "Berlin"]
[Date "1996.??.??"]
[Round "9"]
[White "Espig, Lutz"]
[Black "Voigt, Ulrich"]
[Result "1-0"]
[WhiteElo "2395"]
[BlackElo "2210"]
[PlyCount "65"]
[EventDate "1996.08.??"]
[EventType "swiss"]
[EventRounds "9"]
[EventCountry "GER"]
[SourceTitle "CBM 054 Extra"]
[Source "ChessBase"]
[SourceDate "1996.11.01"]
[SourceVersion "1"]
[SourceVersionDate "1996.11.01"]
[SourceQuality "1"]

1. Nf3 Nf6 2. c4 g6 3. d4 Bg7 4. g3 0-0 5. Bg2 c6 6. Nc3 d5 7. cxd5 cxd5 8. 0-0 Ne4 9. Nxe4 dxe4 10. Ne5 Qd5 11. Be3 Rd8 12. Qc2 f5 13. f3 exf3 14. Bxf3 Qe6 15. Qc7 Qd6 16. Rac1 Nc6 17. Qxd6 Rxd6 18. Nxc6 bxc6 19. Rxc6 Rxc6 20. Bxc6 Rb8 21. b3 Bb7 22. d5 Bxc6 23. dxc6 Rc8 24. Rc1 a6 25. a4 Kf7 26. b4 Ke6 27. b5 axb5 28. axb5 Kd5 29. c7 Be5 30. Rc5+ Ke4 31. Rxe5+ Kxe5 32. b6 Kd6 33. b7 1-0